|
|
|
|
| LEADER |
02604nam a22005295i 4500 |
| 001 |
978-3-540-26977-9 |
| 003 |
DE-He213 |
| 005 |
20151204180344.0 |
| 007 |
cr nn 008mamaa |
| 008 |
100301s2005 gw | s |||| 0|eng d |
| 020 |
|
|
|a 9783540269779
|9 978-3-540-26977-9
|
| 024 |
7 |
|
|a 10.1007/b138399
|2 doi
|
| 040 |
|
|
|d GrThAP
|
| 050 |
|
4 |
|a RE1-994
|
| 072 |
|
7 |
|a MJQ
|2 bicssc
|
| 072 |
|
7 |
|a MED063000
|2 bisacsh
|
| 082 |
0 |
4 |
|a 617.7
|2 23
|
| 245 |
1 |
0 |
|a Macular Degeneration
|h [electronic resource] /
|c edited by Philip L. Penfold, Jan M. Provis.
|
| 264 |
|
1 |
|a Berlin, Heidelberg :
|b Springer Berlin Heidelberg,
|c 2005.
|
| 300 |
|
|
|a XVIII, 202 p. 200 illus., 100 illus. in color.
|b online resource.
|
| 336 |
|
|
|a text
|b txt
|2 rdacontent
|
| 337 |
|
|
|a computer
|b c
|2 rdamedia
|
| 338 |
|
|
|a online resource
|b cr
|2 rdacarrier
|
| 347 |
|
|
|a text file
|b PDF
|2 rda
|
| 505 |
0 |
|
|a Organization of the Adult Primate Fovea -- Immunology and Age-Related Macular Degeneration -- Photoreceptor Degeneration in Aging and Age-Related Maculopathy -- Genes and Age-Related Macular Degeneration -- Epidemiology of Age-Related Macular Degeneration -- Prevalence and Risk Factors for Age-Related Macular Degeneration in China -- Experimental Models of Macular Degeneration -- Transporters and Oxidative Stress in AMD -- Photoreceptor Stability and Degeneration in Mammalian Retina: Lessons from the Edge -- Clinical Strategies for Diagnosis and Treatment of AMD: Implications from Research.
|
| 520 |
|
|
|a Macular Degeneration: Science and Medicine in Practice provides a unique overview of current thinking in the pathogenesis, incidence and treatment of AMD. It includes, for the first time, a synthesis of the views of the world's leading scientists and practitioners regarding retinal biology, basic mechanisms, clinical and pathogenetic processes, and rational approaches to intervention.
|
| 650 |
|
0 |
|a Medicine.
|
| 650 |
|
0 |
|a Science.
|
| 650 |
|
0 |
|a Immunology.
|
| 650 |
|
0 |
|a Geriatrics.
|
| 650 |
|
0 |
|a Ophthalmology.
|
| 650 |
|
0 |
|a Pathology.
|
| 650 |
1 |
4 |
|a Medicine & Public Health.
|
| 650 |
2 |
4 |
|a Ophthalmology.
|
| 650 |
2 |
4 |
|a Pathology.
|
| 650 |
2 |
4 |
|a Science, general.
|
| 650 |
2 |
4 |
|a Immunology.
|
| 650 |
2 |
4 |
|a Geriatrics/Gerontology.
|
| 650 |
2 |
4 |
|a Biomedicine general.
|
| 700 |
1 |
|
|a Penfold, Philip L.
|e editor.
|
| 700 |
1 |
|
|a Provis, Jan M.
|e editor.
|
| 710 |
2 |
|
|a SpringerLink (Online service)
|
| 773 |
0 |
|
|t Springer eBooks
|
| 776 |
0 |
8 |
|i Printed edition:
|z 9783540200581
|
| 856 |
4 |
0 |
|u http://dx.doi.org/10.1007/b138399
|z Full Text via HEAL-Link
|
| 912 |
|
|
|a ZDB-2-SME
|
| 950 |
|
|
|a Medicine (Springer-11650)
|